Qaumi English Urdu Dictionary (Record no. 9419)

000 -LEADER
fixed length control field 00431 a2200157 4500
020 ## - INTERNATIONAL STANDARD BOOK NUMBER
International Standard Book Number 9694740002
040 ## - CATALOGING SOURCE
Original cataloging agency DLC
082 ## - DEWEY DECIMAL CLASSIFICATION NUMBER
Classification number 423.491439
100 ## - MAIN ENTRY--PERSONAL NAME
Personal name Jalibi, Dr. Jameel
245 ## - TITLE STATEMENT
Title Qaumi English Urdu Dictionary
Statement of responsibility, etc. Dr. Jameel Jalibi
260 ## - PUBLICATION, DISTRIBUTION, ETC.
Place of publication, distribution, etc. Islamabad:
Name of publisher, distributor, etc. Muqtadara Qumi Zuban,
Date of publication, distribution, etc. 1996.
300 ## - PHYSICAL DESCRIPTION
Extent 2356 p. ;
Dimensions 27 cm.
500 ## - GENERAL NOTE
General note Includes Index
650 ## - SUBJECT ADDED ENTRY--TOPICAL TERM
Topical term or geographic name entry element Urdu language--Dictionary
942 ## - ADDED ENTRY ELEMENTS (KOHA)
Koha item type Book
Call number prefix 423.491439 JAL
Source of classification or shelving scheme
Holdings
Withdrawn status Lost status Damaged status Not for loan Collection code Permanent Location Current Location Shelving location Date acquired Source of acquisition Cost, normal purchase price Full call number Barcode Date last seen Price effective from Koha item type
          Central Library (CL) Central Library (CL) General Stacks 08/23/2002 National Language Authority 450.00 423.491439 JAL SEECS002330 11/14/2012 01/05/2017 Reference
© 2023 Central Library, National University of Sciences and Technology. All Rights Reserved.